| 000 | 01122cam a22003377i 4500 | ||
|---|---|---|---|
| 001 | 17902722 | ||
| 003 | OSt | ||
| 005 | 20250901165812.0 | ||
| 008 | 130930s2013 ke 000 1 swa | ||
| 010 | _a 2013441295 | ||
| 020 | _a9789966368065 (v. 1) | ||
| 020 | _z9789966368191 (v. 2) | ||
| 020 | _z9789966368205 (v. 3) | ||
| 040 |
_aDLC _beng _cDLC _erda _dDLC |
||
| 042 | _alcode | ||
| 050 | 0 | 0 | _aPL 8704 .C45 2013 |
| 100 | 1 | _aChimerah, Rocha M. | |
| 245 | 1 | 0 |
_aSiri sirini : _bmshairi na mfungwa / _cRocha M. Chimerah. |
| 264 | 1 |
_aNairobi, Kenya : _bSasa Sema Publications chapa ya Longhorn Publishers, _c[2013] |
|
| 300 |
_avi, 458 pages ; _c18 cm |
||
| 336 |
_atext _2rdacontent |
||
| 337 |
_aunmediated _2rdamedia |
||
| 338 |
_avolume _2rdacarrier |
||
| 520 | _aA novel. | ||
| 546 | _aIn Swahili. | ||
| 552 | _aComplete in 3 volumes. | ||
| 906 |
_a7 _bcbc _corigode _d2 _encip _f20 _gy-gencatlg |
||
| 942 |
_2lcc _cBK |
||
| 999 |
_c9420 _d9420 |
||